00720nam a22002057a 450000500170000001000150001702000260003203500140005803700090007208200060008110000250008724500270011225000060013926000420014527001140018730000200030194200200032199900190034195201540036020240925145924.0 aENG-141773 a9789356845961c250.00 aEN-125305 bDBAD aN aSharma, Vikas971954 aSana/cBy Vikas Sharma a1 aNew DelhibDiamond Pocket Booksc2024 aX- 30, Okhla Industrial Area, Phase-IIbNew Delhie110020mwecare@diamondbooks.ink011-40712100k011-41611861 a184p.c22cm(pb) 2ddccENhNmSHA c205885d205885 001040718NFICaDBADbDBADd2024-09-25eDelivery of Books Act Divisiong250.00l0oN SHApEN-125305r2024-09-25 00:00:00t1v250.00w2024-09-25yEN